Open Data Biblioteca Nacional de Portugal


República Portuguesa: Ministério da Cultura
Biblioteca Nacional de Portugal

Catálogo da BNP: acesso por Identificadores Unívocos
Registos Bibliográficos associados ao registo de autoridade

Etiqueta de registo: 04066nam 2201333 450
001 1676218
003 http://id.bnportugal.gov.pt/bib/catbnp/1676218
100 ## $a20070829d17491773k y0porb0103 ba
101 0# $apor
102 ## $aPT
200 1# $a[Colecção das leis, decretos, e alvarás]
210 #9 $aLisboa$cna Regia Officina Typografica [etc]$d[1749-1773]
215 ## $a1 v.;$d2º (32 cm)
300 ## $aEm "Leys a que se refere a da Policia" vêm incluídos alvarás do século XVII
304 ## $aTítulo factício
306 ## $aAlvarás, leis e decretos desde 1749 a 1773
306 ## $aAlvarás impressos na oficina de Miguel Rodrigues e na Chancelaria-mor da Corte e Reino
306 ## $aReimpressões
327 0# $aContém com p. de título própria: Instrucções para a regular, e prompta arrecadação do subsidio literario. - Lisboa : na Regia Officina Typografica, 1773
500 10 $aColecção das leis, decretos, e alvarás...
600 #1 $aJosé I$cRei de Portugal$31311476
600 #1 $aPortugal.$bRei,$c1707-1750 (João V)$31311655
600 #1 $aMonteiro,$bJoão Rodrigues,$ffl. 1756$31311992
600 #1 $aStephens$bGuilherme$31311902
600 #1 $aLippe$bConde de$31311880
600 #1 $aSmith$bCristianao Henriques$31311993
601 02 $aCompanhia Geral da Agricultura das Vinhas do Alto-Douro$35742
601 02 $aCompanhia Geral do Grão-Pará e Maranhão$31252634
601 02 $aCompanhia de Jesus$39396
601 02 $aJunta do Comércio$31311727
601 02 $aCasa das Obras$31311699
601 02 $aPortugal.$bDesembargo do Paço$3122548
601 02 $aRelação da Baía$31311854
601 02 $aRelação do Rio de Janeiro$31311856
601 02 $aMesa da Consciência e Ordens$31311994
601 02 $aReal Mesa Censória$3186255
601 02 $aErário Régio$31311744
601 02 $aColégio dos Nobres$3155455
601 02 $aCasa das Carnes$31311821
601 02 $aColegiada de Nossa Senhora da Oliveira$e(Guimarães)$31311746
601 02 $aJunta Geral da Agricultura das Vinhas do Alto Douro$31311741
601 02 $aJunta das Confirmações Gerais$31311788
601 02 $aCasa de Bragança$31311745
606 ## $aEscravatura$321911
606 ## $aComércio$39333
606 ## $aDiamantes$31282727
606 ## $aInstrução pública$3184165
606 ## $aTabaco$321914
606 ## $aImpostos$38990
606 ## $aExército$31311747
606 ## $aMarinha$321065
606 ## $aAlfândegas$319420
606 ## $aAguardente$31311749
606 ## $aPolícia$3427206
606 ## $aJustiça$311345
606 ## $aVinho$31301964
606 ## $aLegumes$315140
606 ## $aFábricas de Cal$31311921
606 ## $aSubsídio literário$31311995
606 ## $aLuxo$31271858
606 ## $aRendas$31311858
606 ## $aOuro$372368
606 ## $aContrabando$344766
606 ## $aHomens de negócio$31311863
606 ## $aMercadores$321977
606 ## $aPólvora$31311581
606 ## $aÍndios$323023
606 ## $aMorgados$3103891
606 ## $aBacalhau$31188856
606 ## $aVagabundos$31311871
606 ## $aBula da Cruzada$31311924
606 ## $aAçúcar$367142
606 ## $aArmazéns$31311702
606 ## $aCal$31311923
606 ## $aCânhamo$3764656
606 ## $aCensura$39326
606 ## $aDotes$31311887
606 ## $aLivros - Censura$31311759
606 ## $aQuinta de Alcãntara (Lisboa)$31311996
606 ## $aPalácios Reais$31311997
606 ## $aReal d' água$31311703
606 00 $aFerro$3332221
606 ## $aSola$31311792
606 ## $aSal$31311561
606 ## $aRendas$31311858
607 ## $aBrasil$31092497
607 ## $aPinhel$31311735
607 ## $aLisboa$xRuas$31311873
607 ## $aMaranhão$31311546
607 ## $aRio de Janeiro$31311563
607 ## $aGrão-Pará$31311481
607 ## $aPernambuco$31311521
607 00 $aPorto$3300799
607 ## $aAçores (Portugal)$2SIPOR$38676
607 ## $aBaía$31311592
607 ## $aMadeira, Ilha da$31311656
607 ## $aRoma$31311845
607 ## $aAlmeirim$xPaço$31311998
607 ## $aBatalha$xMosteiro$31311999
607 ## $aGuimarães$xColegiada de Nossa Senhora da Oliveira$31311760
607 ## $aMuge$xPaço dos Negros$31312000
607 ## $aSintra$xPaços$31312001
607 ## $aVendas Novas$xPaço$31312002
607 ## $aLisboa$xCâmara$31311894
607 ## $aLisboa$xQuinta de Alcântara$31311709
607 ## $aSalvaterra de Magos$xPaço$31312003
607 ## $aArrifana de Sousa$31311834
607 ## $aPenafiel$31311842
607 ## $aAlcântara (Lisboa)$xQuinta$31312004
620 ## $dLisboa
702 #1 $aRodrigues,$bMiguel,$ffl. 1726-1775$4610$363370
710 01 $aPortugal.$376824
712 02 $aTipografia Régia$c(Lisboa)$4610$360351
955 ## $n49$bADMIN$dADMIN$c20080102
995 ## $aBRASILIANA-TIP
997 ## $aBIBEOD

Etiqueta de registo: 05162nam 2201297 450
001 1676216
003 http://id.bnportugal.gov.pt/bib/catbnp/1676216
100 ## $a20070829d17501796k y0porb0103 ba
101 0# $apor$blat
102 ## $aPT
200 1# $aCollecção das leis extra[vagantes]$eSupplem[ento]
210 #9 $aLisboa$cMiguel Manescal da Costa [etc.]$d[1750-1796]
215 ## $a1 v.;$d2º (30 cm)
304 ## $aTítulo tirado da lombada
327 0# $aContém com p. de título própria: Decreto por onde...D. Pedro he servido estabelecer novos ordenados aos ministros da sua Junta da Casa do Infantado... - Lisboa : na officina de Miguel Manescal da Costa, 1758. - Decreto por onde...D. Pedro Gram Prior do Crato...he servido estabelecer novos ordenados aos ministros da sua Meza Prioral... - Lisboa : na officina de Jozé da Silva Natividade, 1758. - Carta Régia. - Lisboa : na officina de Miguel Rodrigues, [1759] . - Instituição da sociedade estabelecida para a subsistencia dos theatros publicos da Corte. - Lisboa : na Regia Officina Typografica, 1771. - Companhia Geral das Pescarias Reaes do Reino do Algarve. - Lisboa : na Regia Officina Typografica, 1773. - Tratado preliminar de paz , e de limites na America Meridional... - Lisboa : na Regia Officina Typografica, 1777. - Tratado de Alliança Defensiva entre...Dona Maria Rainha de Portugal, e Dom Carlos III Rei de Hespanha... - Lisboa : na Regia Officina Typografica, 1778. - Plano da divisaõ, e translaçaõ das paroquias de Lisboa... - Lisboa : na Régia Typografica Silviana, [1780]. - Regimento do Mosteiro de Santos da Ordem de Sant-Iago da Espada. - Lisboa : na off. de Antonio Rodrigues Galhardo, 1793
500 10 $aColecção das leis extravagantes
600 #1 $aJosé I$cRei de Portugal$31311476
600 #1 $aMaria I$cRainha de Portugal$31311899
600 #1 $aPedro$cInfante de Portugal$31311900
600 #1 $aStephens$bGuilherme$31311902
600 #1 $aLeal$bJosé Ferreira$31311883
600 #1 $aMelo$bJosé Maria de$31221648
600 #1 $aWatts$bTomás Eduardo$31311903
600 #1 $aOsório,$bSimão de Oliveira da Costa Almeida,$f1753-?$3218535
600 #1 $aTeles$bTomás da Silva$cVisconde de Vila Nova da Cerveira$31311905
600 #1 $aVila Nova da Cerveira$bVisconde de$31311906
600 #1 $aNoronha$bJoão Alberto de$cConde de São Lourenço$31311907
600 #1 $aSão Lourenço$bConde de$31311908
601 01 $aEspanha.$bRei,$c1759-1788 (Carlos III)$31970172
601 02 $aCompanhia Geral da Agricultura das Vinhas do Alto-Douro$35742
601 02 $aCasa do Infantado$31311909
601 02 $aGrão-Priorado do Crato$3173443
601 02 $aCasa dos Vinte e Quatro.$cLisboa$31311910
601 02 $aCompanhia Geral das Pescarias Reais do Reino do Algarve$31311786
601 02 $aOrdem de São João do Hospital$c(Jerusalém)$391298
601 02 $aMosteiro de Santos$e(Lisboa)$31311912
601 02 $aReal Mesa Censória$3186255
601 02 $aOrdem de Cristo$3108398
601 02 $aOrdem de Santiago$310876
601 02 $aCasa Real - Mordomos-mores$31311913
601 02 $aColegiada de São João Baptista$e(Coruche)$31311914
606 ## $aComércio$39333
606 ## $aIndulgências$3171364
606 ## $aRegimentos$31215231
606 ## $aImpostos$38990
606 ## $aTerreiro do Trigo$31311915
606 ## $aCorsários$31311916
606 ## $aSeda$3175469
606 ## $aJustiça$311345
606 ## $aBombeiros$31311917
606 ## $aFábricas de Seda$31311918
606 ## $aFábricas de Pescaria e Salinas$31311919
606 ## $aPrata$3514584
606 ## $aMoeda$31048061
606 ## $aEditais$31311920
606 ## $aPrivilégios$393435
606 ## $aOuro$372368
606 ## $aLivros - Censura$31311759
606 ## $aFábricas de Cal$31311921
606 ## $aFábricas de Lonas$31311888
606 ## $aAtentados$31311922
606 ## $aCal$31311923
606 ## $aContrabando$344766
606 ## $aAlgodão$31311578
606 ## $aLinho$3105589
606 ## $aBula da Cruzada$31311924
606 ## $aSal$31311561
606 ## $aExército$31311747
606 ## $aMarinha$321065
606 ## $aLonas$31311889
606 ## $aTransportes$38697
606 ## $aPesca$310423
606 ## $aHomens de negócio$31311863
606 ## $aCarvão$31311866
606 ## $aTeatros$333529
606 ## $aPirataria$31311925
606 ## $aCensura$39326
606 ## $aPinhais (Leiria)$31311926
606 ## $aMordomos-mores da Casa Real$31311927
606 ## $aTratados e convenções$31311928
607 ## $aBrasil$31092497
607 ## $aLisboa$xTerreiro do Trigo$31311929
607 ## $aAçores (Portugal)$2SIPOR$38676
607 ## $aÍndia$321400
607 ## $aMoçambique$319854
607 ## $aAlgarve$31311733
607 ## $aCrato$xGrão-Priorado$31311930
607 ## $aTerceira$xCastelo de São João Baptista$31311931
607 ## $aLisboa$xTeatros$31311932
607 ## $aLisboa$xParóquias$31311933
607 ## $aLisboa$xCãmara$31311934
607 ## $aLisboa$xMosteiro de Santos$31311935
607 ## $aLeiria$xPinhais$31311936
607 ## $aBaía$31311592
607 ## $aGuarda$31311737
607 ## $aCoruche$xColegiada de São João Baptista$31311937
607 ## $aGoa$31311554
607 ## $aMalabar$31311555
607 ## $aPenafiel$31311842
607 ## $aMadeira, Ilha da$31311656
620 ## $dLisboa
702 #1 $aRodrigues,$bMiguel,$ffl. 1726-1775$4610$363370
702 #1 $aCosta,$bMiguel Manescal da,$ffl. 1740-1801$4610$376562
702 #1 $aNatividade,$bJosé da Silva da,$ffl. 1742-1769$4610$3137192
702 #1 $aGalhardo,$bAntónio Rodrigues,$ffl. 1761-182-$4610$392072
710 01 $aPortugal.$376824
712 02 $aTipografia Régia$c(Lisboa)$4610$360351
712 02 $aOficina Silviana$4610$372397
712 02 $aPortugal.$bTratados, etc. Espanha$31311939
712 02 $aEspanha.$bTratados, etc. Portugal$31311940
801 #0 $aPT$bBN$gRPC
955 ## $n53$bADMIN$dADMIN$c20080102
995 ## $aBRASILIANA-TIP
997 ## $aBIBEOD

OpendataBNP@bnportugal.pt | Mais informação sobre acesso aos dados BNP